LEADER 00789nam0-2200277 --450 001 9910646383803321 005 20230223084957.0 010 $a88-7168-208-4 100 $a20230223d1996----kmuy0itay5050 ba 101 0 $aita 102 $aIT 105 $a 001yy 200 1 $aBreve storia del federalismo americano$fOliviero Bergamini 210 $aMilano$cMarcos y Marcos$d1996 215 $a284 p.$d21 cm. 225 1 $aAladino$v14 610 0 $aFEDERALISMO$aSTATI UNITI D'AMERICA 676 $a321.020973$v19 700 1$aBergamini,$bOliviero$0289818 801 0$aIT$bUNINA$gREICAT$2UNIMARC 901 $aBK 912 $a9910646383803321 952 $aFL COS 159$bFL-1277$fDECBC 959 $aDECBC 996 $aBreve storia del federalismo americano$91262272 997 $aUNINA LEADER 11572nam 2201177 450 001 996411327103316 005 20230821113151.0 024 7 $a10.1515/9783110642056 035 $a(CKB)4100000011758077 035 $a(DE-B1597)512756 035 $a(DE-B1597)9783110642056 035 $a(OCoLC)1233041484 035 $aEBL7014907 035 $a(AU-PeEL)EBL7014907 035 $a(EXLCZ)994100000011758077 100 $a20210125h20212021 ug| 0 101 0 $aeng 135 $aur||#|||||||| 181 $ctxt$2rdacontent 182 $cc$2rdamedia 183 $acr$2rdacarrier 200 10$aDialogues between media /$fedited by Paul Ferstl 210 1$aBerlin ;$aBoston :$cDe Gruyter,$d[2021] 210 4$d©2021 215 $a1 online resource (ix, 665 pages) 225 0 $aXXI. Congress of the ICLA - Proceedings ;$vVolume 5 300 $aDescription based upon print version of record. 311 08$aPrint version: XXI Congress of the ICLA - Proceedings: Dialogues between media. Berlin : Walter de Gruyter & Co., 2020 9783110641530 3110641534 327 $tFrontmatter --$tTable of Contents --$tIntroduction: Dialogues between Media --$t1. Unsettled Narratives: Graphic Novel and Comics Studies in the Twenty-first Century --$tThe ICLA Research Committee on Comics Studies and Graphic Narrative: Introduction --$tUnsettled Narratives: Graphic Novel and Comics Studies in the Twenty-First Century ? A Preface --$tFuture Imperfect: Dystopia, Time Travel, Absolute Power, and the Incredible Hulk --$tThe Participation of Will Eisner?s The Spirit in World War II --$tSocial Control and Closed Worlds in Manga and Anime --$tThe Myth of the Great War: Hugo Pratt?s World War I Graphic Novel and Stories --$tThe Toxic Heroine in Nausicaä of the Valley of the Wind --$tEducating to Remember: The Public Use of Comics in Germany and Italy --$tGender Gaps in the Clouds: Expressive Repression and Signs of Change in Italian Comics of the 1950s and 1960s --$tVisualizing the Gothic in Neil Gaiman?s The Graveyard Book and Its Illustrated Adaptations --$tThe Quantum Gaze as a Model for Simultaneous Mobilization in Graphic Narrative --$tWordless: Interpreting Visual Sequence as Storytelling --$t2. Hybridisierung literarischer Sprachen und Ausdrucksformen als Innovationsmodus --$tDas Innovative hybrider Literatur am Beispiel Robert Walser --$tGoethes Faust in Oper, Film und Manga: Die Faust-Bearbeitungen bei Gounod, Murnau und Tezuka am Beispiel der Studierzimmer-Szene --$t?Gossen-Orpheus? Jean Genet: Deutsche Übersetzungs- und Rezeptionsschwierigkeiten eines poetisch-derben Stils --$tGrimm 2.0 ? Die Brüder Grimm in der Postmoderne --$t?das junge jakobli läßt den alten jakob grüßen? ? Poetik im Dazwischen der Sprachen und jenseits der Sprache in Friedrich Glausers Kriminalroman Die Fieberkurve --$tDante-Comics zwischen Kanon- und Populärkultur: Spielformen der Hybridisierung und Strategien der Selbstreferenz --$tIntermediale Formen der Sebald-Rezeption in der populären Musik --$tDarstellung und Zeitlichkeit --$tSchulromane von Robert Walser und Natsume S?seki: Hybride Darstellungsformen zwischen ?hoch und niedrig? --$tWie hältst du?s mit der Liebe? Vampirische Emanzipation im Abendlicht von Elfriede Jelineks ?Krankheit oder Moderne Frauen? --$t3. Languages of the Imaginary --$tLa lumière dans les romans arthuriens et le Livre des rois de Ferdowsi --$tTemporality and Finitude: The Wolf in the Fiction of João Guimarães Rosa and of Marcus Aurelius Pimenta and José Roberto Torero --$tThe Paulo Afonso Falls by Castro Alves (1847?1871): Interweaving Poetry and Social Imaginaries --$tOnce Upon a Time and So Many Other Times: Hansel and Gretel --$tStorytelling in Advertising: The Case of Os Últimos Desejos da Kombi --$t4. The State of Adaptation Studies Today --$tModern Film Adaptations of Fairy Tales: An Examination of Four 2012 Versions of Snow White --$tAdapting Hamlet to the Turkish Screen --$tThree Adaptations of Dracula: Friedrich Murnau, Tod Browning, Francis Ford Coppola, and the Liminal Vampire --$tAdaptation as Creation: From Yu Hua?s to Zhang Yimou?s To Live --$tTransnational Adaptations: The Nineteenth-Century Novel Revisited through a Transcultural Lens --$t5. International Intermediality --$tMarlene Creates: Land, Nature, and the Forest as Poetry/Museum --$tLe texte liquide entre linéarité et causalité : les caractéristiques de l?hypertexte dans la littérature numérique --$tPolyphonie Mehrsprachigkeit_Kreativität_Schreiben --$tIntertextualität als Intermedialität: Zum Mond fliegen mit Jules Verne, Georges Méliès, Brian Selznick und Martin Scorsese --$tDas Selbst zwischen Bild und Sprache: Marc Chagalls Autobiographie Mein Leben --$tPallenberg alias Schwejk: Ikonografie der Satire, 1918?1933 --$tArchaic Greek Poetry and Hip-Hop: A Comparison --$tLanguage and Intermedial Metamorphoses in Indian Literature and Arts --$tIntertextual Encounters between Jorge de Sena and Manuel Bandeira --$tReferences to Music in the Translations of Alice?s Adventures in Wonderland into Russian --$tEmma/Juremma: An Intersemiotic Translation of Jane Austen?s Emma into Brazilian Culture --$tLiterature and Cinema: The Military vs. the People in the Hetero-Visiotypes and Hetero-Imagotypes of the 1974 Portuguese Revolution --$tTranslational Functions of Book Illustrations, and What Dickens Has to Do with Them --$tImages littéraires de l?atelier de l?artiste --$tLa conception française du lyrisme à l?épreuve du lied : l?exemple de Blaze de Bury$aContents [delete if appropriate]. 330 $aComparative Literature is changing fast with methodologies, topics, and research interests emerging and remerging. The fifth volume of ICLA 2016 proceedings, Dialogues between Media, focuses on the current interest in inter-arts studies, as well as papers on comics studies, further testimony to the fact that comics have truly arrived in mainstream academic discourse."Adaptation" is a key term for the studies presented in this volume; various articles discuss the adaptation of literary source texts in different target media - cinematic versions, comics adaptations, TV series, theatre, and opera. Essays on the interplay of media beyond adaptation further show many of the strands that are woven into dialogues between media, and thus the expanding range of comparative literature. 606 $aComparative literature$vCongresses$9lat$2NLI 606 $aArt and literature$vCongresses$9lat$2NLI 606 $aComic books, strips, etc$xHistory and criticism$vCongresses$9lat$2NLI 606 $aLiterature$xAdaptations$vCongresses$9lat$2NLI 610 $aAdaptation. 610 $acomics studies. 610 $aintermediality. 610 $aworld literature. 615 7$aComparative literature 615 7$aArt and literature 615 7$aComic books, strips, etc.$xHistory and criticism 615 7$aLiterature$xAdaptations 676 $a809 702 $aFerstl$b Paul$f1981-$4edt$4http://id.loc.gov/vocabulary/relators/edt 702 $aAlmond$b Adile Aslan$4ctb$4https://id.loc.gov/vocabulary/relators/ctb 702 $aKalashnikov$b Alexander Vladimirovich$4ctb$4https://id.loc.gov/vocabulary/relators/ctb 702 $aHalsall$b Alison$4ctb$4https://id.loc.gov/vocabulary/relators/ctb 702 $aMachado$b Ana Maria$4ctb$4https://id.loc.gov/vocabulary/relators/ctb 702 $aAbaï-Ringgenberg$b Andia$4ctb$4https://id.loc.gov/vocabulary/relators/ctb 702 $aPiepoli$b Angelo$4ctb$4https://id.loc.gov/vocabulary/relators/ctb 702 $aTakeda$b Arata$4ctb$4https://id.loc.gov/vocabulary/relators/ctb 702 $aGrüning$b Barbara$4ctb$4https://id.loc.gov/vocabulary/relators/ctb 702 $aNickel$b Beatrice$4ctb$4https://id.loc.gov/vocabulary/relators/ctb 702 $aFranco$b Bernard$4ctb$4https://id.loc.gov/vocabulary/relators/ctb 702 $aZabel$b Bla?$4ctb$4https://id.loc.gov/vocabulary/relators/ctb 702 $aLe Juez$b Brigitte$4ctb$4https://id.loc.gov/vocabulary/relators/ctb 702 $aEchiffre$b Capucine$4ctb$4https://id.loc.gov/vocabulary/relators/ctb 702 $aConcilio$b Carmen$4ctb$4https://id.loc.gov/vocabulary/relators/ctb 702 $aSteeg$b Christian van der$4ctb$4https://id.loc.gov/vocabulary/relators/ctb 702 $aAsk Nunes$b Denise$4ctb$4https://id.loc.gov/vocabulary/relators/ctb 702 $aNunes Gago$b Dora$4ctb$4https://id.loc.gov/vocabulary/relators/ctb 702 $aMarzi$b Eleonora$4ctb$4https://id.loc.gov/vocabulary/relators/ctb 702 $aCorrêa Prando$b Fabiana$4ctb$4https://id.loc.gov/vocabulary/relators/ctb 702 $aUrsini$b Francesco-Alessio$4ctb$4https://id.loc.gov/vocabulary/relators/ctb 702 $aHintereder-Emde$b Franz$4ctb$4https://id.loc.gov/vocabulary/relators/ctb 702 $aSchwabel$b Friederike$4ctb$4https://id.loc.gov/vocabulary/relators/ctb 702 $aNiimoto$b Fuminari$4ctb$4https://id.loc.gov/vocabulary/relators/ctb 702 $aGobbi Alves Araújo$b Giovanna$4ctb$4https://id.loc.gov/vocabulary/relators/ctb 702 $aLucci$b Giovanna$4ctb$4https://id.loc.gov/vocabulary/relators/ctb 702 $aRosenau$b Irina$4ctb$4https://id.loc.gov/vocabulary/relators/ctb 702 $aBaptista do Lago$b Izabela$4ctb$4https://id.loc.gov/vocabulary/relators/ctb 702 $aGuo$b Jia$4ctb$4https://id.loc.gov/vocabulary/relators/ctb 702 $aMikkonen$b Kai$4ctb$4https://id.loc.gov/vocabulary/relators/ctb 702 $aDeTora$b Lisa$4ctb$4https://id.loc.gov/vocabulary/relators/ctb 702 $aFerreira Bonaldo$b Luciane$4ctb$4https://id.loc.gov/vocabulary/relators/ctb 702 $aEsteves Pereira$b Margarida$4ctb$4https://id.loc.gov/vocabulary/relators/ctb 702 $aFontana Baseio$b Maria Auxiliadora$4ctb$4https://id.loc.gov/vocabulary/relators/ctb 702 $aCunha$b Maria Zilda da$4ctb$4https://id.loc.gov/vocabulary/relators/ctb 702 $aGay$b Marie-Christine$4ctb$4https://id.loc.gov/vocabulary/relators/ctb 702 $aZerovnik$b Martina$4ctb$4https://id.loc.gov/vocabulary/relators/ctb 702 $aMegumi$b Wakabayashi$4ctb$4https://id.loc.gov/vocabulary/relators/ctb 702 $aBürger-Koftis$b Michaela$4ctb$4https://id.loc.gov/vocabulary/relators/ctb 702 $aBoissieu$b Michel de$4ctb$4https://id.loc.gov/vocabulary/relators/ctb 702 $aSchmitz-Emans$b Monika$4ctb$4https://id.loc.gov/vocabulary/relators/ctb 702 $aArbex$b Márcia$4ctb$4https://id.loc.gov/vocabulary/relators/ctb 702 $aPaladin$b Nicola$4ctb$4https://id.loc.gov/vocabulary/relators/ctb 702 $aPereira$b Nilce M.$4ctb$4https://id.loc.gov/vocabulary/relators/ctb 702 $aRinggenberg$b Patrick$4ctb$4https://id.loc.gov/vocabulary/relators/ctb 702 $aPellegrino$b Ramona$4ctb$4https://id.loc.gov/vocabulary/relators/ctb 702 $aTrabucco Valenzuela$b Sandra$4ctb$4https://id.loc.gov/vocabulary/relators/ctb 702 $aVlasta$b Sandra$4ctb$4https://id.loc.gov/vocabulary/relators/ctb 702 $aBuchenberger$b Stefan$4ctb$4https://id.loc.gov/vocabulary/relators/ctb 702 $aJakli$b Timon$4ctb$4https://id.loc.gov/vocabulary/relators/ctb 702 $aRossi$b Umberto$4ctb$4https://id.loc.gov/vocabulary/relators/ctb 801 0$bDE-B1597 801 1$bDE-B1597 801 2$bUkMaJRU 906 $aBOOK 912 $a996411327103316 996 $aDialogues between Media$92268890 997 $aUNISA LEADER 01941oam 2200445 a 450 001 9910701211003321 005 20111220150801.0 035 $a(CKB)5470000002416952 035 $a(OCoLC)752226707 035 $a(EXLCZ)995470000002416952 100 $a20110913d2011 ua 0 101 0 $aeng 135 $aurmn||||a|||| 181 $ctxt$2rdacontent 182 $cc$2rdamedia 183 $acr$2rdacarrier 200 10$aHomeland security$b[electronic resource] $eactions needed to improve response to potential terrorist attacks and natural disasters affecting food and agriculture : report to the Chairman, Subcommittee on Oversight of Government Management, the Federal Workforce, and the District of Columbia, Committee on Homeland Security and Governmental Affairs, U.S. Senate 210 1$a[Washington, D.C.] :$cU.S. Govt. Accountability Office,$d[2011] 215 $a1 online resource (iii, 75 pages) $ccolor illustrations 300 $aTitle from title screen (viewed on Sept. 13, 2011). 300 $a"August 2011." 320 $aIncludes bibliographical references. 320 $a"GAO-11-652." 517 $aHomeland security 606 $aTerrorism$zUnited States$xPrevention 606 $aFood supply$xSecurity measures$zUnited States 606 $aAgriculture$xSecurity measures$zUnited States 606 $aInteragency coordination$zUnited States$xEvaluation 615 0$aTerrorism$xPrevention. 615 0$aFood supply$xSecurity measures 615 0$aAgriculture$xSecurity measures 615 0$aInteragency coordination$xEvaluation. 712 02$aUnited States.$bCongress.$bSenate.$bCommittee on Governmental Affairs.$bSubcommittee on Oversight of Government Management, the Federal Workforce, and the District of Columbia. 801 0$bDID 801 1$bDID 801 2$bGPO 906 $aBOOK 912 $a9910701211003321 996 $aHomeland Security$91686681 997 $aUNINA